Perfil das empresas /
Guardado en:
| Autor Corporativo: | |
|---|---|
| Formato: | Libro |
| Idioma: | Portuguese English |
| Publicado: |
Camaçari, Bahia, Brasil :
Gerência de Informações e Sistemas,
1988.
|
| Materias: | |
| Etiquetas: |
Agregar Etiqueta
Sin Etiquetas, Sea el primero en etiquetar este registro!
|
| LEADER | 00960nam a22002295a 4500 | ||
|---|---|---|---|
| 001 | EIQ.libpla001872 | ||
| 008 | 070223s1988####bl#a#####s####001#0#por#d | ||
| 005 | 20070223173923.0 | ||
| 245 | 1 | 0 | |a Perfil das empresas / |c COPEC, Complexo Petroquímico de Camaçari = Company profiles / COPEC, Camaçari Petrochemical Complex. |
| 246 | 3 | 1 | |a Company profiles |
| 260 | |a Camaçari, Bahia, Brasil : |b Gerência de Informações e Sistemas, |c 1988. | ||
| 300 | |a v. : |b il. ; |c 28 cm. | ||
| 500 | |a Incluye índice. | ||
| 500 | |a Edición en portugués e inglés. | ||
| 650 | 4 | |a Industrias |z Brasil. | |
| 650 | 4 | |a Industrias |v Directorios. | |
| 650 | 4 | |a Industries |v Directories. | |
| 650 | 4 | |a Industries |z Brazil. | |
| 040 | |a AR-BbSID |b spa |c AR-BbSID | ||
| 041 | 1 | |a por |a eng | |
| 110 | 2 | |a Complexo Petroquímico de Camaçari. |b Gerência de Informações e Sistemas. | |
| 859 | |a AR-BbSID |b BIB. PLAPIQUI |h 661.804 06 |i C 79 |k R |p 907 | ||
